Impacto del nuevo Cd̤igo Civil y Comercial en la gestin̤ del martillero y corredor

Detalles Bibliográficos
Autor principal: Ibę̀z, Marcela Agustina
Formato: eBook
Lenguaje:español
Publicado: Cr̤doba: Alveroni Ediciones, 2015
Materias:
Acceso en línea:Acceso restringido

MARC

LEADER 00000nam a22000007a 4500
005 20190524003944.0
007 cr|||| ||||
008 190524s2015 ar |||||s|||| 00||0 spa d
020 |a 978-987-643-131-6 
035 |a 23697 
040 |a vLex 
090 |c 8801  |d 8801 
100 1 |a Ibę̀z, Marcela Agustina 
245 1 0 |a Impacto del nuevo Cd̤igo Civil y Comercial en la gestin̤ del martillero y corredor  |h [Recurso electrn̤ico] /  |c Marcela Agustina Ibę̀z 
256 |a Servicio en ln̕ea 
260 |a Cr̤doba:  |b Alveroni Ediciones,  |c 2015 
300 |a 1 recurso electrn̤ico 
506 1 |a Disponible solo en los productos indicados  |d vLex Global  |d vLex Global (Academic Edition, excluding Law Schools)  |d vLex Global (U.S. Academic Edition, Law Schools)  |d vLex Global (U.S. Academic Edition, excluding Law Schools)  |d vLex Global (Academic Edition, Law Schools) 
650 0 4 |a Cd̤igo Civil  |z Argentina 
740 0 |a vLex Libros (Servicio en ln̕ea) 
856 4 0 |u http://vlex.com/source/impacto-del-nuevo-codigo-civil-y-comercial-en-la-gestion-del-martillero-y-corredor-23697  |z Acceso restringido 
942 |c BOOK 
999 0 |a Civil Code